<?xml version="1.0" encoding="UTF-8"?>
<record
    xmlns:xsi="http://www.w3.org/2001/XMLSchema-instance"
    xsi:schemaLocation="http://www.loc.gov/MARC21/slim http://www.loc.gov/standards/marcxml/schema/MARC21slim.xsd"
    xmlns="http://www.loc.gov/MARC21/slim">

  <leader>02746nkm a22003017a 4500</leader>
  <controlfield tag="001">85799</controlfield>
  <controlfield tag="005">20260420102100.0</controlfield>
  <controlfield tag="007">kh boc</controlfield>
  <controlfield tag="008">260414s1870    sp ||||| |||| |0| i|spa d</controlfield>
  <datafield tag="040" ind1=" " ind2=" ">
    <subfield code="a">M-RABA</subfield>
    <subfield code="b">spa</subfield>
    <subfield code="c">M-RABA</subfield>
  </datafield>
  <datafield tag="100" ind1="1" ind2=" ">
    <subfield code="a">Alguacil, Casiano,</subfield>
    <subfield code="d">(1832-1914)</subfield>
    <subfield code="9">111665</subfield>
  </datafield>
  <datafield tag="245" ind1="1" ind2="1">
    <subfield code="a">[Sepulcro del Arzobispo Juan Martinez Siliceo]</subfield>
    <subfield code="c">/ Casiano Alguacil</subfield>
    <subfield code="h">[Material gr&#xE1;fico]</subfield>
  </datafield>
  <datafield tag="260" ind1=" " ind2=" ">
    <subfield code="a">Toledo</subfield>
    <subfield code="b">: Casiano Alguacil</subfield>
    <subfield code="c">[ca. 1870]</subfield>
  </datafield>
  <datafield tag="300" ind1=" " ind2=" ">
    <subfield code="a">1 fotograf&#xED;a</subfield>
    <subfield code="b">: alb&#xFA;mina</subfield>
    <subfield code="c">; imagen 15 x 21 cm </subfield>
    <subfield code="c">; soporte secundario 24 x 33,5 cm </subfield>
  </datafield>
  <datafield tag="500" ind1="0" ind2="0">
    <subfield code="a">Fotograf&#xED;a sobre el Sepulcro del Arzobispo de Juan Martinez Siliceo, del autor Ricardo Bellver y Ram&#xF3;n (1890), ubicado en la capilla del Real Colegio de Doncellas Nobles en Toledo.
Pertenece a la serie fotogr&#xE1;fica de "Monumentos Art&#xED;sticos de Espa&#xF1;a" de Casiano Alguacil, indicado en el soporte secundario</subfield>
  </datafield>
  <datafield tag="500" ind1="0" ind2="0">
    <subfield code="a">Menci&#xF3;n de responsabilidad impresa en el soporte secundario, a la izquierda: "C. Alguacil" y a la derecha "Toledo".</subfield>
  </datafield>
  <datafield tag="500" ind1="0" ind2="0">
    <subfield code="a">Dedicatoria manuscrita a tinta al recto: "Al Ilmo. Sr. Don Enrique Serrano Fatigati, su afmo amigo y compa&#xF1;ero Ricardo Bellver".</subfield>
  </datafield>
  <datafield tag="500" ind1="0" ind2="0">
    <subfield code="a">Anotaci&#xF3;n manuscrita a tinta al verso: "Sepulcro en m&#xE1;rmol del Arzobispo Juan Martinez Siliceo existente en la capilla del Colegio de Doncellas de Toledo. Las cuatro estatuas de loa &#xE1;ngulos de la urna sepultural representan las cuatro Virtudes Cardinales. El bajo relieve que se ve en esta fotograf&#xED;a representa el momento de recibir el t&#xED;tulo y nombramiento de preceptor del entonces ni&#xF1;o Don Felipe II.  El relieve del otro costado representa el reparto de premios a las educandas por el fundador Siliceo. En el testero hay un relieve representando la caridad, y en el opuesto el escudo cardenalicio. La escocia de la tapa est&#xE1; decorada con colgantes de siemprevivas, adormideras y margaritas enlazadas con medallones en los que est&#xE1;n esculpidos atributos cristianos. Los pies de la estatua apoyan en mi cartela donde est&#xE1; grabada la inscripci&#xF3;n dedicatoria".</subfield>
  </datafield>
  <datafield tag="500" ind1="0" ind2="0">
    <subfield code="a">Fecha tomada del periodo de actividad de fot&#xF3;grafo en Toledo en su serie Monumentos art&#xED;sticos de Espa&#xF1;a.</subfield>
  </datafield>
  <datafield tag="600" ind1="1" ind2="7">
    <subfield code="a">Bellver y Ram&#xF3;n, Ricardo (</subfield>
    <subfield code="d">1845-1924)</subfield>
    <subfield code="9">6485</subfield>
  </datafield>
  <datafield tag="610" ind1="1" ind2="0">
    <subfield code="a">Colegio de las Doncellas Nobles de Toledo</subfield>
    <subfield code="9">111676</subfield>
  </datafield>
  <datafield tag="651" ind1=" " ind2="7">
    <subfield code="a">Toledo (Espa&#xF1;a)</subfield>
    <subfield code="9">75550</subfield>
  </datafield>
  <datafield tag="655" ind1=" " ind2="0">
    <subfield code="a">Fotograf&#xED;as de monumentos</subfield>
    <subfield code="9">111580</subfield>
  </datafield>
  <datafield tag="852" ind1=" " ind2=" ">
    <subfield code="j">Fot-639</subfield>
  </datafield>
  <datafield tag="856" ind1=" " ind2=" ">
    <subfield code="u">https://archivoybiblioteca.realacademiabellasartessanfernando.com/cgi-bin/koha/opac-retrieve-file.pl?id=f6c3edc3639803e07879b7e60b5bd6f2</subfield>
    <subfield code="y">Fot-639r</subfield>
  </datafield>
  <datafield tag="856" ind1=" " ind2=" ">
    <subfield code="u">https://archivoybiblioteca.realacademiabellasartessanfernando.com/cgi-bin/koha/opac-retrieve-file.pl?id=0acea2fbd858a74b26238f157358facf</subfield>
    <subfield code="y">Fot-639v</subfield>
  </datafield>
  <datafield tag="942" ind1=" " ind2=" ">
    <subfield code="c">FOTOGRAF&#xCD;A</subfield>
    <subfield code="n">0</subfield>
  </datafield>
  <datafield tag="952" ind1=" " ind2=" ">
    <subfield code="0">0</subfield>
    <subfield code="1">0</subfield>
    <subfield code="2">ddc</subfield>
    <subfield code="4">0</subfield>
    <subfield code="7">0</subfield>
    <subfield code="8">FOTOGRAFIA</subfield>
    <subfield code="a">RABASF</subfield>
    <subfield code="b">RABASF</subfield>
    <subfield code="c">DP2</subfield>
    <subfield code="d">2026-04-14</subfield>
    <subfield code="l">0</subfield>
    <subfield code="o">Fot-639</subfield>
    <subfield code="p">1096905</subfield>
    <subfield code="r">2026-04-14 12:21:11</subfield>
    <subfield code="w">2026-04-14</subfield>
    <subfield code="y">FOTOGRAF&#xCD;A</subfield>
  </datafield>
  <datafield tag="999" ind1=" " ind2=" ">
    <subfield code="c">85799</subfield>
    <subfield code="d">85799</subfield>
  </datafield>
</record>
